000 01164nam a2200265Ia 4500
999 _c40554
_d40554
001 7170
003 GE_BSU
005 20230905161532.0
008 181216s2010||||ge |||||||||||||| ||geo||
020 _a9789941422522.
040 _cGE_BSU
041 _ageo
100 _aბალზაკი, ონორე დე
_919770
245 _aშაგრენის ტყავი :
_bრომანი /
_cონორე დე ბალზაკი ; გერონტი ქიქოძის თარგმანი ; რედ. მაია ალუდაური.
260 _a.
264 _aთბილისი :
_bპალიტრა L,
_c2010.
300 _a278 გვ. ;
_c22 სმ.
490 _a50 წიგნი, რომელიც უნდა წაიკითხო სანამ ცოცხალი ხარ
541 _h10ლ.
653 _aრომანი
653 _aშაგრენის ტყავი
700 _aქიქოძე, გერონტი
_eთარგმანი
_919771
700 _aალუდაური, მაია
_eრედაქტორი
_92096
942 _cBK
_2udc